| 000 -LEADER |
| fixed length control field |
01490nam a2200373 i 4500 |
| 001 - CONTROL NUMBER |
| control field |
021680298 |
| 003 - CONTROL NUMBER IDENTIFIER |
| control field |
UkOxU |
| 005 - DATE AND TIME OF LATEST TRANSACTION |
| control field |
20230106101158.0 |
| 008 - FIXED-LENGTH DATA ELEMENTS--GENERAL INFORMATION |
| fixed length control field |
160909s2016 enka j 000|f|eng|d |
| 015 ## - NATIONAL BIBLIOGRAPHY NUMBER |
| National bibliography number |
GBB6C7129 |
| Source |
bnb |
| 016 7# - NATIONAL BIBLIOGRAPHIC AGENCY CONTROL NUMBER |
| Record control number |
018008612 |
| Source |
Uk |
| 020 ## - INTERNATIONAL STANDARD BOOK NUMBER |
| International Standard Book Number |
9780141365411 |
| Qualifying information |
Danny the champion of the world. |
| 035 ## - SYSTEM CONTROL NUMBER |
| System control number |
(Uk)018008612 |
| 040 ## - CATALOGING SOURCE |
| Original cataloging agency |
StDuBDS |
| Language of cataloging |
eng |
| Description conventions |
rda |
| Transcribing agency |
StDuBDS |
| Modifying agency |
Uk |
| -- |
KH8 |
| -- |
UkOxU |
| 042 ## - AUTHENTICATION CODE |
| Authentication code |
ukblsr |
| 082 04 - DEWEY DECIMAL CLASSIFICATION NUMBER |
| Classification number |
823.914 DAH |
| Edition number |
23 |
| 100 1# - MAIN ENTRY--PERSONAL NAME |
| Personal name |
Dahl, Roald, |
| Relator term |
author. |
| 240 10 - UNIFORM TITLE |
| Uniform title |
Novels. |
| Form subheading |
Selections |
| 245 10 - TITLE STATEMENT |
| Title |
Danny the Champion of the World / |
| Statement of responsibility, etc. |
Roald Dahl, illustrated by Quentin Blake. |
| 246 30 - VARYING FORM OF TITLE |
| Title proper/short title |
Scrumdidlyumptious story collection |
| 264 #1 - PRODUCTION, PUBLICATION, DISTRIBUTION, MANUFACTURE, AND COPYRIGHT NOTICE |
| Place of production, publication, distribution, manufacture |
London : |
| Name of producer, publisher, distributor, manufacturer |
Puffin, |
| Date of production, publication, distribution, manufacture, or copyright notice |
2016. |
| 300 ## - PHYSICAL DESCRIPTION |
| Extent |
6 volumes : |
| Other physical details |
illustrations, black and white ; |
| Dimensions |
20 x 13 x 8 cm |
| 336 ## - CONTENT TYPE |
| Content type term |
text |
| Source |
rdacontent |
| 337 ## - MEDIA TYPE |
| Media type term |
unmediated |
| Source |
rdamedia |
| 338 ## - CARRIER TYPE |
| Carrier type term |
volume |
| Source |
rdacarrier |
| 500 ## - GENERAL NOTE |
| General note |
In slip case. |
| 500 ## - GENERAL NOTE |
| General note |
Title from slip case. |
| 505 0# - FORMATTED CONTENTS NOTE |
| Formatted contents note |
Charlie and the chocolate factory. First published 1964 -- Charlie and the great glass elevator. First published 1972 -- Danny the champion of the world. First published, 1975 -- George's marvellous medicine. First published; 1981 -- The BFG. First published 1982 -- The Twits. First published 1980. |
| 650 #0 - SUBJECT ADDED ENTRY--TOPICAL TERM |
| Topical term or geographic name entry element |
Children's stories, English. |
| 700 12 - ADDED ENTRY--PERSONAL NAME |
| Personal name |
Dahl, Roald. |
| Title of a work |
Danny the champion of the world. |
| 700 1# - ADDED ENTRY--PERSONAL NAME |
| Personal name |
Blake, Quentin, |
| Relator term |
artist. |
| 942 ## - ADDED ENTRY ELEMENTS (KOHA) |
| Source of classification or shelving scheme |
|
| Koha item type |
Books - Non Ficton |